000 00346nam a2200133Ia 4500
008 230411s9999 xx 000 0 und d
020 _a978-81-312-6183-8
041 _aeng
082 _aPH/615/SKI/B9494
100 _aSkidmore Linda
_9177785
245 _aMosbys Nursing Drug Reference
260 _bElsevier
_aNew Delhi
_c2021
300 _a1446p
999 _c158558
_d158558